| LEADER 00000nam 2200000uu 4500 |
| 001 213446 |
| 003 ULIBM |
| 008 230628s||||||||th 000 0 tha d |
| 020 ^a978-616-572-241-4
|
| 040 ^abcnkk
|
| 041 ^atha
|
| 060 04 ^aWT155^bร924 2563
|
| 245 00 ^aโรคอัลไซเมอร์ :^bการดูแลแบบองค์รวมและประเด็นทางกฎหมาย =Alzheimers disease : holistic care and legal issues /^cบรรณาธิการ, มณี ภิญโญพรพาณิชย์, กนกพร ภิญโญพรพาณิชย์, อธิวัฒน์สุนทรพันธ์
|
| 246 31 ^aAlzheimers disease :^bholistic care and legal issues
|
| 250 ^aพิมพ์ครั้งที่ 2
|
| 260 ^aกรุงเทพฯ :^bคณะแพทยศาสตร์ มหาวิทยาลัยเชียงใหม่,^c2563
|
| 300 ^axii, 254 หน้า ;^c25 ซม.
|
| 650 4 ^aความจำผิดปกติในวัยชรา
|
| 650 4 ^aภาวะสมองเสื่อม^xผู้ป่วย^xการดูแล
|
| 650 4 ^aโรคจิตเสื่อมวัยชรา
|
| 650 4 ^aโรคอัลไซเมอร์
|
| 700 0 ^aมณี ภิญโญพรพาณิชย์,^eบรรณาธิการ
|
| 700 0 ^aกนกพร ภิญโญพรพาณิชย์,^eบรรณาธิการ
|
| 700 0 ^aอธิวัฒน์ สุนทรพันธ์,^eบรรณาธิการ
|
| 710 2 ^aมหาวิทยาลัยเชียงใหม่.^bคณะแพทยศาสตร์
|
| 999 ^aใช้งานได้ทุกระบบ
|